000 00490nam a2200169 4500
010 _aENG-139534
020 _a9789356593930
_c299.00
035 _aEN-123066
082 _a005.8
100 _aSrivani,P
_963260
245 _aDigital Forensic and Application Domains/
_cby P. Srivani , S.Pradeep [and] G. Sreeram
260 _aP. Srivani
300 _a194p.
_c27cm(PBK)
700 _aPradeep,S.
_963257
700 _aSreeram,G.
_963258
942 _2ddc
_cEN
_h055.8
_mSRI
999 _c201455
_d201455